| 000 | 00550cam a2200229 4500 | ||
|---|---|---|---|
| 001 | B1971 | ||
| 008 | 090401t xxu||||| |||| 00| 0 eng d | ||
| 035 | _a(Sirsi) u47398 | ||
| 041 | _aeng | ||
| 050 | _a333.3370942819 | ||
| 110 |
_aWeatherall Hollis and Gale _92662 |
||
| 245 | _aProperty report 1985 | ||
| 260 |
_aLeeds _bWeatherall Hollis and Gale _c1986? |
||
| 300 | _a13p. : ill. ; 30cm. | ||
| 350 | _a0 | ||
| 650 | _aINDUSTRIAL PROPERTY | ||
| 650 | _aLEEDS | ||
| 650 | _aOFFICES | ||
| 650 | _aSHOPS | ||
| 942 | _n0 | ||
| 948 | _c04/03/1997 | ||
| 999 |
_c92117 _d92117 |
||